00331nam a2200145Ia 45000030006000000080041000060400015000471000020000622450028000822500006001102600036001163000006001525460010001580050017001680STCL150530s9999 xx 000 0 und d aSTCLcSTCL aRamsharan Joshi aIkkisvin Sadi Ke Sankat a1 bRajkamal Prakashan; Delhic2008 a0 aHindi20220125171328.0